| 000 | 00669nam a2200205 a 4500 | ||
|---|---|---|---|
| 001 | 000015639 | ||
| 005 | 20240412074244.0 | ||
| 008 | 100216s2008 dr 000 p spa d | ||
| 020 | _a9789945162592 | ||
| 040 |
_aDO-SdBNP _bspa _cBNPHU |
||
| 082 |
_aRD861.44 _bB562e |
||
| 100 | 1 |
_aBetances de la Nuez, Félix Ma., _d1962- _935238 |
|
| 245 | 1 | 0 |
_aEspejismo del sueño : _bpoemas / _cFélix Ma. Betances de la Nuez. |
| 260 |
_aSanto Domingo : _bDragón, _c2008. |
||
| 300 |
_a45 p. ; _c20 cm. |
||
| 500 | _aIncluye datos biográficos del autor en la solapa de la cubierta. | ||
| 650 | 0 |
_aPoesía dominicana _966 |
|
| 650 | 0 |
_aLiteratura dominicana. _967 |
|
| 049 | _aBNPD | ||
| 999 |
_c15191 _d15191 |
||